| 000 | 00726nam a22002297a 4500 | ||
|---|---|---|---|
| 999 |
_c14989 _d14989 |
||
| 003 | AR-CdUCM | ||
| 008 | 190329b ||||| |||| 00| 0 spa d | ||
| 020 | _a84-316-7256-0 | ||
| 040 |
_aMUNICIPALIDAD PROVINCIAL DEL CUSCO _cBIBLIOTECA MUNICIPAL DEL CUSCO |
||
| 082 |
_aPI / 808.06 / _bR71 |
||
| 100 |
_aRobin Batt, Tanya _933974 |
||
| 245 | _aEl regalo del duende / | ||
| 260 |
_aEspaña : _bVicens Vives, _c2004. |
||
| 300 |
_a39 páginas ; _bIlustraciones _c22 cm |
||
| 440 |
_aPiñata _n7 _933975 |
||
| 505 | _aContenido :El regalo del duende .. | ||
| 650 |
_aHistorietas _910786 |
||
| 650 |
_aCuentos _9217 |
||
| 700 |
_aPascual, Pablo Antón (traducción) _933976 |
||
| 942 |
_2ddc _cLIBROS |
||
| 945 |
_arum _d2019-04-25 |
||